000 00655nam a2200217Ia 4500
003 GCL
008 140319s9999 xx 000 0 ara d
040 _aGCL /
_cGCL
082 0 4 _aق
_b916.621
_bم ن
100 1 _aمحمد محمود الصياد
245 1 0 _aالنيل الخالد (هدية من الاديب عبدالفتاح الجمل) /
_cمحمد محمود الصياد
300 _a119 ص
490 _aالمكتبة الثقافية
_v0
650 0 4 _aمصر
650 0 4 _aالسودان
650 0 4 _aافريقيا
650 0 4 _aنهر النيل
650 0 4 _aالفيضانات
650 0 4 _aالمنابع
942 _2ddc
_cBK
999 _c39280
_d39280